000 00577nam a2200217Ia 4500
005 20250425162035.0
008 250425s9999 xx 000 0 und d
020 _a1555630308
041 _aeng
082 _a622.3382
100 _aHILL, PHILIP G.
245 0 _aPRODUCTION LOGGING: THEORETICAL AND INTERPRETIVE ELEMENTS
250 _aS.E.
260 _aAUSTIN
260 _aEstados Unidos
_bSOCIETY OF PETROLEUM ENGINEERS
_c1990
300 _a154
500 _aMONOGRAPH VOLUME 14 SPE
650 _aPOZOS PETROLIFEROS-PRODUCCION
942 _c01
010 _a41986
999 _c221168
_d221168